LIBRARY & INFORMATION CENTRE, KCAET, TAVANUR

ONLINE PUBLIC ACCESS CATALOGUE (OPAC)

second in Eden / (Record no. 11385)

MARC details
000 -LEADER
fixed length control field 00302cam a2200133ua 4500
041 ## - LANGUAGE CODE
Language code of text/sound track or separate title eng
082 ## - DEWEY DECIMAL CLASSIFICATION NUMBER
Classification number 823.308
Item number
100 ## - MAIN ENTRY--AUTHOR NAME
Personal name Rogers, G.F.C.
245 ## - TITLE STATEMENT
Title second in Eden /
260 ## - PUBLICATION, DISTRIBUTION, ETC. (IMPRINT)
Place of publication :
Name of publisher Putham ,
Year of publication 1964.
300 ## - PHYSICAL DESCRIPTION
Number of Pages 381 ; .

No items available.

free website counter